Le paysan de Paris

Enregistré dans:
Détails bibliographiques
Auteur principal: Aragon, Louis (Auteur)
Format: Livre
Langue:français
Publié: París Gallimard 1926
Sujets:
Tags: Ajouter un tag
Pas de tags, Soyez le premier à ajouter un tag!

MARC

LEADER 00000nam a2200000 a 4500
001 UCO5420
003 CL-VaPUC
008 000901e19260000FR |||||||||||||||||fre|d
082 0 4 |a 843  |b ARA  |2 21 
100 0 |a Aragon, Louis  |e author  |9 266802 
245 1 3 |a Le paysan de Paris 
300 |a 251 p 
942 |c BK 
945 |d 20000901 00:00:00  |a crobeson 
260 |a París  |b Gallimard  |c 1926 
650 0 |a Novela francesa  |9 264985 
650 7 |a SURREALISMO EN LA LITERATURA  |2 CL-VaPUC  |9 266192 
650 0 |a Literatura francesa  |9 266330 
583 |a last modification  |c 20000901 00:00:00  |k Rodrigo Vera 
999 |c 291280  |d 291278 
952 |0 0  |1 0  |4 0  |6 843_000000000000000_ARA_1926  |7 0  |8 A  |9 341090  |a BIBART  |b BIBART  |d 2019-11-20  |i 1220144  |o 843 ARA 1926  |p 1220144  |r 2025-03-13  |w 2019-11-20  |y BK  |k ART